00692nam a2200181 i 4500001000700000003000900007005001700016008004100033245013000074260003400204300002200238490002700260610005600287610005600343710006300399830002700462852002100489186052ES-MaACL20230906222555.0160906s1965 sp |||| | spa d01a¿Es posible la unión con el Oriente cristiano? / ctraducción, revisión, sistematización y publicación... de ISPA. aBarcelona : bEstela, c1965. a153 p. ; c23 cm.1 aColección DO-C ; v724aIglesia Católica-xRelaciones-xIglesia Ortodoxa.24aIglesia Ortodoxa-xRelaciones-xIglesia Católica.0 aInstituto de Sociología y Pastoral Aplicadas (Barcelona)0 aColección DO-C ; v7 aES-MaACLjE-4741